| 000 | 00568nam a22002051c 4500 | ||
|---|---|---|---|
| 001 | a987679426 | ||
| 008 | 170307s2013 gw |||| 000u rus d | ||
| 020 |
_a9785901941386 _9978-5-901941-38-6 |
||
| 041 | _arus | ||
| 100 | 1 | _aSinicyn, Fedor L'vovič | |
| 245 | 0 | 0 |
_a"Krasnaja burja" : _bsovetskoe gosudarstvo i buddizm v 1917-1946 gg. |
| 264 |
_aSankt-Peterburg : _bIzd. A. Terent'eva [u.a.], _c2013 |
||
| 300 | _a528 S. | ||
| 650 | 0 | _aBuddhismus | |
| 650 | 0 | _aVerfolgung | |
| 651 | 0 | _aSowjetunion | |
| 942 | _cMG | ||
| 040 | _cRU-10907106 | ||
| 003 | RU-10907106 | ||
| 999 |
_c34665 _d34665 |
||